000 00424pab a2200157 454500
008 180718b1999 xxu||||| |||| 00| 0 eng d
100 _aBrahmananda, P.R.
245 _aMajor developments in economics in the post second war period
260 _c1999
300 _ap.14-40
362 _aApr-Jun
650 _aEconomic and social development
650 _aEconomics
773 _aIndian Economic Journal
909 _a41533
999 _c41533
_d41533